Top Male Artists of 2017 - Statistics

General Stats
  • This quiz has been taken 49 times
  • The average score is 13 of 30
Answer Stats
Hint Answer % Correct
Shape of You Ed Sheeran
100%
One Dance Drake
84%
Starboy The Weeknd
77%
Friends Justin Bieber
67%
HUMBLE. Kendrick Lamar
60%
Despacito Luis Fonsi
60%
There's Nothing Holdin Me Back Shawn Mendes
58%
The Scientist Coldplay
56%
Dusk Till Dawn ZAYN
53%
Versace on the Floor Bruno Mars
51%
Believer Imagine Dragons
51%
Walk on Water Eminem
47%
Location Khalid
42%
What Lovers Do Maroon 5
42%
Something Just Like This The Chainsmokers
42%
Stressed Out Twenty One Pilots
42%
Famous Kanye West
40%
Wild Thoughts DJ Khaled
37%
How Long Charlie Puth
33%
Feels Calvin Harris
30%
MotorSport Migos
30%
Candy Paint Post Malone
28%
Questions Chris Brown
26%
Mi Gente J Balvin
26%
Butterfly Effect Travis Scott
26%
Without You David Guetta
16%
Patek Water Future
14%
Stranger Things Kygo
12%
So Far Away Martin Garrix
12%
Sharp Edges Linkin Park
9%
No matching quizzes found
Score Distribution
Percent of People with Each Score
Percentile by Number Answered
Your Score History
You have not taken this quiz